Academic Writing for Graduate Students : Essential Taks and Skills

Guardado en:
Detalles Bibliográficos
Autores principales: Swales, John M. (Autor), Feak, Christine B. (Autor)
Formato: Libro
Lenguaje:inglés
Publicado: Michigan : The University Michigan Press, 2004
Edición:2.ed.
Materias:
Etiquetas: Agregar Etiqueta
Sin Etiquetas, Sea el primero en etiquetar este registro!

MARC

LEADER 00000nam a22000003a 4500
001 stu112555
005 20240606103120.0
008 060306s2004----xxu-----------------eng-d
020 |a 0-472-08856-4 
040 |a STU  |b slo 
041 0 |a eng 
044 |a xxu 
080 |a 811.111 
100 1 |a Swales, John M.  |4 aut 
245 1 |a Academic Writing for Graduate Students :  |b Essential Taks and Skills 
250 |a 2.ed. 
260 |a Michigan :  |b The University Michigan Press,  |c 2004 
300 |a 331 s 
650 7 |a angličtina  |2 stusub 
700 1 |a Feak, Christine B.  |4 aut 
996 |b 284EK86090  |c E*86090  |l EE11  |s P  |a 0  |w stu112555_0001 
996 |b 284J047596  |c J* 119629  |l JJSK  |s A  |a 24  |w stu112555_0002